| 000 | 00609nam a22001937a 4500 | ||
|---|---|---|---|
| 003 | OSt | ||
| 005 | 20251125142823.0 | ||
| 008 | 251125b |||||||| |||| 00| 0 eng d | ||
| 040 |
_aDWC-Main Lib. _cOC |
||
| 082 | _aSC. 959.9048 B175m 2011 | ||
| 100 | _aBalde, Abdon M. Jr. | ||
| 245 |
_aMagayon an satuyang probinsya/ _cAbdon M. Balde Jr. |
||
| 260 |
_a[Legazpi City] : _bAbdon M. Balde, Jr., _cc2011. |
||
| 300 |
_axii, 216 p. ; _c21 cm. |
||
| 500 | _aLiteraturang Bikol. | ||
| 650 | _a1. Albay (Region V). | ||
| 650 | _a 2. Albay provinces--History and culture. I. Title. | ||
| 942 |
_2ddc _cSC _kSC. _n0 |
||
| 999 |
_c6288 _d6288 |
||